书目信息 |
| 题名: |
国外科学传播动态
|
|
| 作者: | 张会亮 , 高宏斌 , 唐叶 主编 | |
| 分册: | 2019 | |
| 出版信息: | 上海 上海交通大学出版社 2019.12 |
|
| 页数: | 198页 | |
| 开本: | 24cm | |
| 丛书名: | ||
| 单 册: | ||
| 中图分类: | G219.1 | |
| 科图分类: | ||
| 主题词: | 科学技术--传播--研究进展--国外--2019 | |
| 电子资源: | ||
| ISBN: | 978-7-313-22137-7 | |
| 000 | 01215nam0 2200289 45 | |
| 001 | 012001003966 | |
| 005 | 20211010094533.78 | |
| 010 | @a978-7-313-22137-7@dCNY68.00 | |
| 099 | @aCAL 012020026679 | |
| 100 | @a20200114d2019 em y0chiy0110 ea | |
| 101 | 0 | @achi |
| 102 | @aCN@b310000 | |
| 105 | @aak z 000yy | |
| 106 | @ar | |
| 200 | 1 | @a国外科学传播动态@Aguo wai ke xue chuan bo dong tai@h2019@d= Global current events in science communication@h2019@f张会亮, 高宏斌, 唐叶主编@zeng |
| 210 | @a上海@c上海交通大学出版社@d2019.12 | |
| 215 | @a198页@c图@d24cm | |
| 300 | @a并列题名:Global current events in science communication | |
| 330 | @a本书主要梳理2018年国外科学传播著名机构、组织概述; 综述科学传播领域著名期刊、学者的研究观点; 追踪国外科学传播著名机构、组织动态。通过跟踪科学传播领域国际同行的最新进展, 为我国科普理论研究者和实践者提供最新动态信息。 | |
| 510 | 1 | @aGlobal current events in science communication@h2019@zeng |
| 606 | 0 | @a科学技术@x传播@x研究进展@y国外@z2019 |
| 690 | @aG219.1@v5 | |
| 701 | 0 | @a张会亮@Azhang hui liang@4主编 |
| 701 | 0 | @a高宏斌@Agao hong bin@4主编 |
| 701 | 0 | @a唐叶@Atang ye@4主编 |
| 801 | @aCN@bAHXH@c20210922 | |
| 905 | @b1328729-33@dG219.1@e1004(2019)@f5 | |
| 国外科学传播动态.2019= Global current events in science communication.2019/张会亮, 高宏斌, 唐叶主编.-上海:上海交通大学出版社,2019.12 |
| 198页:图;24cm |
| 并列题名:Global current events in science communication |
| ISBN 978-7-313-22137-7:CNY68.00 |
| 本书主要梳理2018年国外科学传播著名机构、组织概述; 综述科学传播领域著名期刊、学者的研究观点; 追踪国外科学传播著名机构、组织动态。通过跟踪科学传播领域国际同行的最新进展, 为我国科普理论研究者和实践者提供最新动态信息。 |
| ● |
| 相关链接 |
|
|
|
|
正题名:国外科学传播动态
索取号:G219.1/1004(2019)
 
预约/预借
| 序号 | 登录号 | 条形码 | 馆藏地/架位号 | 状态 | 备注 |
| 1 | 1328729 | 213287290 | 第一样本阅览室/ [索取号:G219.1/1004(2019)] | 在馆 | |
| 2 | 1328730 | 213287307 | 教育系资料室/ [索取号:G219.1/1004(2019)] | 在馆 | |
| 3 | 1328731 | 213287316 | 教育系资料室/ [索取号:G219.1/1004(2019)] | 在馆 | |
| 4 | 1328732 | 213287325 | 第四借阅区/ [索取号:G219.1/1004(2019)] | 在馆 | |
| 5 | 1328733 | 213287334 | 第四借阅区/ [索取号:G219.1/1004(2019)] | 在馆 |